Sports Quiz

Random Sports or Numbers Quiz

Kit Manufacturers in England Quiz Stats

 Plays Quiz not verified by Sporcle

Score 0/22 Timer 04:00
0 Plays Today
Number of Teams Manufacturers % Correct
12Nike
99.3%
11Adidas
98.4%
15Puma
89.1%
8Umbro
87.4%
1Reebok
57.9%
2Kappa
50.8%
5Macron
34.9%
2Le Coq Sportif
33.8%
3Lotto
29.5%
4Errea
26.6%
3Joma
20.3%
Number of Teams Manufacturers % Correct
2Admiral
19%
7Carbrini
18.9%
1Mitre
14.1%
3Burrda
10.9%
7Vandanel
6.9%
1MiFit
4.2%
1Xtep
3.9%
1Xara
3.6%
2Surridge
3.4%
1Carlotti
2.9%
1Respect
0.7%

You're not logged in!

Compare scores with friends on all Sporcle quizzes.
OR
Log In

Show Comments

Extras

Top Quizzes Today


Score Distribution

Your Account Isn't Verified!

In order to create a playlist on Sporcle, you need to verify the email address you used during registration. Go to your Sporcle Settings to finish the process.

Report this User

Report this user for behavior that violates our Community Guidelines.

Details: